000 00875aam a2200337 4500
005 20260427145249.0
008 150225b2000 xxu||||| |||| 00| 0 eng d
020 _a9584101870
041 _aESP
082 _a371.144 F634e
100 _aFlorez Ochoa, Rafael
_921698
245 _aEvaluación pedagógica y cognición
260 _aColombia
260 _bMcGraw-Hill
260 _c2000
300 _a221 páginas
490 _aTemática General
650 _aEVALUACIÓN EDUCATIVA
650 _aEVALUACIÓN PEDAGÓGICA
650 _aEPISTEMOLÓGICO
650 _aPROGRESO INDIVIDUAL
650 _aEVALUACIÓN DEL APRENDIZAJE
650 _aPROGRAMAS EDUCATIVOS
650 _aCURRICULO
650 _aCIENCIAS
650 _aMATEMÁTICAS
650 _aENSEÑANZA
650 _aEVALUACIÓN DOCENTE
650 _aINVESTIGACIÓN
942 _cBK
_2ddc
999 _c928
_d928